[Event "Milan Carnevale op-B 6th"]
[Site "Milan"]
[Date "2015.02.18"]
[Round "1"]
[White "Invernizzi, Ferruccio"]
[Black "Pasini, Nicolo"]
[Result "0-1"]
[WhiteElo "1586"]
[BlackElo "1748"]
[PlyCount "100"]
[EventDate "2015.02.18"]
[EventType "swiss"]
[EventRounds "6"]
[EventCountry "ITA"]
[SourceTitle "EXT 2017"]
[Source "ChessBase"]
[SourceDate "2016.10.25"]
[SourceVersion "1"]
[SourceVersionDate "2016.10.25"]
[SourceQuality "1"]

1. e4 c5 2. d4 cxd4 3. c3 dxc3 4. Nxc3 e6 5. Nf3 Bb4 6. Bd2 Nf6 7. e5 Bxc3 8. Bxc3 Nd5 9. Bd2 0-0 10. Bc4 d6 11. Bxd5 exd5 12. 0-0 dxe5 13. Nxe5 Nc6 14. Bc3 Re8 15. Re1 d4 16. Nxc6 Rxe1+ 17. Qxe1 bxc6 18. Bxd4 Ba6 19. Rd1 Qg5 20. Bxa7 Bc4 21. Be3 Qg6 22. a3 Bd5 23. Qf1 h6 24. f3 Re8 25. Bd4 Qe6 26. Bc3 Qe3+ 27. Qf2 Qg5 28. Qg3 Qe3+ 29. Qf2 Qg5 30. Rd4 h5 31. Qd2 Qg6 32. Qf4 Re6 33. Kf2 f6 34. a4 Qe8 35. a5 g5 36. Qd2 Qa8 37. Qd3 Kg7 38. a6 Rd6 39. b4 Qa7 40. Ke2 Qa8 41. Kd2 Rd8 42. Kc2 Rd6 43. h4 gxh4 44. Rxh4 Bb3+ 45. Kxb3 Rxd3 46. Rxh5 Qxa6 47. Ra5 Qb6 48. Kc4 Qe3 49. Ra3 Rd5 50. Rb3 Qd3# 0-1

[Event "Milan Crespi op-B 35th"]
[Site "Milan"]
[Date "2014.12.07"]
[Round "5"]
[White "Lamperti, Gian Loris"]
[Black "Invernizzi, Ferruccio"]
[Result "1-0"]
[WhiteElo "1700"]
[BlackElo "1598"]
[PlyCount "29"]
[EventDate "2014.12.04"]
[EventType "swiss"]
[EventRounds "7"]
[EventCountry "ITA"]
[SourceTitle "EXT 2017"]
[Source "ChessBase"]
[SourceDate "2016.10.25"]
[SourceVersion "1"]
[SourceVersionDate "2016.10.25"]
[SourceQuality "1"]

1. d4 d6 2. c4 e5 3. e3 exd4 4. exd4 Nf6 5. Nf3 Bg4 6. Nc3 Nc6 7. Be2 Qe7 8. 0-0 0-0-0 9. Re1 Kb8 10. a3 g6 11. h3 Bxf3 12. Bxf3 Qd7 13. Bg5 Bg7 14. Bxf6 Bxf6 15. Bg4 1-0

[Event "Milan Crespi op-B 35th"]
[Site "Milan"]
[Date "2014.12.06"]
[Round "3"]
[White "Invernizzi, Ferruccio"]
[Black "Maccari, Piergiuseppe"]
[Result "1/2-1/2"]
[WhiteElo "1598"]
[BlackElo "1714"]
[PlyCount "94"]
[EventDate "2014.12.04"]
[EventType "swiss"]
[EventRounds "7"]
[EventCountry "ITA"]
[SourceTitle "EXT 2017"]
[Source "ChessBase"]
[SourceDate "2016.10.25"]
[SourceVersion "1"]
[SourceVersionDate "2016.10.25"]
[SourceQuality "1"]

1. e4 c5 2. d4 cxd4 3. c3 dxc3 4. Nxc3 Nc6 5. Nf3 d6 6. Bc4 e6 7. 0-0 Be7 8. Qe2 Nf6 9. Rd1 e5 10. Bg5 Bg4 11. Bb5 0-0 12. Bxc6 bxc6 13. Rac1 h6 14. Bh4 Rb8 15. b3 Rb7 16. h3 Bxf3 17. Qxf3 Rd7 18. Na4 Qc7 19. Bxf6 Bxf6 20. Nb2 Rfd8 21. Qc3 d5 22. exd5 e4 23. Qxc6 Qa5 24. Na4 Rxd5 25. Rxd5 Qxd5 26. Qxd5 Rxd5 27. Nc3 Bxc3 28. Rxc3 Rd1+ 29. Kh2 Rd2 30. a3 Rxf2 31. Rc7 Rb2 32. b4 f5 33. Rxa7 e3 34. Re7 f4 35. h4 Kf8 36. Re4 g5 37. hxg5 hxg5 38. Kh3 Kg7 39. g3 fxg3 40. Kxg3 Rb3 41. Kf3 Rxa3 42. Rxe3 Ra4 43. Rb3 Kf6 44. b5 Ke5 45. b6 Ra8 46. Kg4 Rb8 47. Kxg5 Kd6 1/2-1/2

[Event "Milan Crespi op-B 35th"]
[Site "Milan"]
[Date "2014.12.05"]
[Round "2"]
[White "Figini, Vittorio"]
[Black "Invernizzi, Ferruccio"]
[Result "0-1"]
[WhiteElo "1477"]
[BlackElo "1598"]
[PlyCount "84"]
[EventDate "2014.12.04"]
[EventType "swiss"]
[EventRounds "7"]
[EventCountry "ITA"]
[SourceTitle "EXT 2017"]
[Source "ChessBase"]
[SourceDate "2016.10.25"]
[SourceVersion "1"]
[SourceVersionDate "2016.10.25"]
[SourceQuality "1"]

1. e4 d6 2. d4 Nf6 3. Nc3 g6 4. Nf3 Bg7 5. h3 0-0 6. Bc4 c6 7. a3 Qc7 8. Be3 Nbd7 9. Qd2 e5 10. 0-0-0 b5 11. Ba2 a5 12. dxe5 dxe5 13. Qd6 Qxd6 14. Rxd6 b4 15. Na4 bxa3 16. bxa3 c5 17. Nd2 Ne8 18. Rd3 Nef6 19. f3 Ba6 20. Bc4 Bxc4 21. Nxc4 Rac8 22. Kd2 Rc7 23. Rb1 Nh5 24. Rb5 Nf4 25. Bxf4 exf4 26. Rxa5 Ne5 27. Nxe5 Bxe5 28. Rd5 Bd4 29. Nxc5 Be3+ 30. Kd3 Rfc8 31. Na4 Rxc2 32. Rac5 Rd2+ 33. Kc4 Rc2+ 34. Kb5 Bxc5 35. Nxc5 Rxg2 36. e5 Rb2+ 37. Ka5 Ra8+ 38. Na6 Rb3 39. a4 Rxf3 40. Kb6 Rb3+ 41. Rb5 Rxb5+ 42. axb5 f3 0-1

[Event "Milan Molinari Memorial-B 8th"]
[Site "Milan"]
[Date "2014.10.29"]
[Round "1"]
[White "Pollio, Ciro"]
[Black "Invernizzi, Ferruccio"]
[Result "1-0"]
[WhiteElo "1755"]
[BlackElo "1617"]
[PlyCount "113"]
[EventDate "2014.10.29"]
[EventType "swiss"]
[EventRounds "6"]
[EventCountry "ITA"]
[SourceTitle "EXT 2024"]
[Source "ChessBase"]
[SourceDate "2023.10.10"]
[SourceVersion "1"]
[SourceVersionDate "2023.10.10"]
[SourceQuality "1"]

1. d4 d6 2. c4 e5 3. d5 Nf6 4. Nc3 g6 5. e4 Bg7 6. Nf3 0-0 7. Be2 Nbd7 8. b4 a5 9. Qa4 b6 10. Qc6 Ra7 11. Qa4 Bb7 12. 0-0 Ra8 13. b5 Nc5 14. Qc2 Bc8 15. Be3 Nfd7 16. Nd2 f5 17. exf5 Rxf5 18. Bg4 Rf8 19. Nde4 Nxe4 20. Nxe4 Nf6 21. Bxc8 Rxc8 22. Ng5 Ng4 23. Ne6 Nxe3 24. fxe3 Rxf1+ 25. Rxf1 Qe7 26. e4 Bh6 27. Qf2 Re8 28. h4 Qd7 29. Qf3 Rxe6 30. dxe6 Qxe6 31. Qe2 Bf4 32. a4 Qe7 33. Qg4 Kg7 34. g3 h5 35. Qf3 Bh6 36. Kg2 Kg8 37. Qf6 Qxf6 38. Rxf6 Kg7 39. Rf3 Bd2 40. g4 hxg4 41. Rg3 Bf4 42. Rxg4 Kh6 43. Kh3 Kh5 44. Rg2 Be3 45. Re2 Bf4 46. Rf2 g5 47. hxg5 Kxg5 48. Rg2+ Kf6 49. Rg8 Ke7 50. Kg4 Be3 51. Kf5 Bh6 52. Rh8 Be3 53. Rh7+ Kd8 54. Ke6 Kc8 55. Rh8+ Kb7 56. Kd7 Bc5 57. Rc8 1-0

[Event "Milan Carnevale op-B 5th"]
[Site "Milan"]
[Date "2014.03.07"]
[Round "3"]
[White "Bianchi, Paolo"]
[Black "Invernizzi, Ferruccio"]
[Result "1-0"]
[WhiteElo "1691"]
[BlackElo "1653"]
[PlyCount "59"]
[EventDate "2014.03.05"]
[EventType "swiss"]
[EventRounds "6"]
[EventCountry "ITA"]
[SourceTitle "EXT 2015"]
[Source "ChessBase"]
[SourceDate "2014.11.20"]
[SourceVersion "1"]
[SourceVersionDate "2014.11.20"]
[SourceQuality "1"]

1. Nf3 d6 2. d4 Nf6 3. g3 g6 4. b3 Bg7 5. Bb2 0-0 6. Nbd2 c6 7. Bg2 Nbd7 8. c4 Re8 9. 0-0 e5 10. dxe5 dxe5 11. Ng5 e4 12. Qc2 e3 13. fxe3 Rxe3 14. Nde4 Nxe4 15. Nxf7 Qb6 16. Kh1 Nef6 17. Nd6 Re6 18. Rad1 Ng4 19. Bh3 Rxd6 20. Bxg4 Rxd1 21. Be6+ Kh8 22. Bxg7+ Kxg7 23. Qxd1 Nf6 24. Qd6 Bxe6 25. Qe7+ Kh6 26. Qxf6 Re8 27. Rf4 Qc5 28. Rh4+ Qh5 29. Rxh5+ Kxh5 30. Qh4# 1-0

[Event "Milan Crespi op-B 31th"]
[Site "Milan"]
[Date "2010.12.04"]
[Round "1"]
[White "Invernizzi, Ferruccio"]
[Black "Mei, Gianluca"]
[Result "1/2-1/2"]
[WhiteElo "1748"]
[BlackElo "1881"]
[PlyCount "146"]
[EventDate "2010.12.04"]
[EventType "swiss"]
[EventRounds "7"]
[EventCountry "ITA"]
[SourceTitle "EXT 2024"]
[Source "ChessBase"]
[SourceDate "2023.10.10"]
[SourceVersion "1"]
[SourceVersionDate "2023.10.10"]
[SourceQuality "1"]

1. e4 e5 2. Nf3 Nc6 3. d4 exd4 4. Nxd4 Bc5 5. Be3 Qf6 6. c3 Nge7 7. Bc4 Ne5 8. Bb3 d6 9. 0-0 0-0 10. h3 Qg6 11. Kh1 Qxe4 12. Bc2 Qh4 13. Nd2 Bxh3 14. N2f3 Qh5 15. gxh3 Bxd4 16. Nxd4 Qxh3+ 17. Kg1 c5 18. Be4 cxd4 19. Bg2 Qg4 20. Bxd4 Qxd1 21. Raxd1 N7c6 22. b3 Rad8 23. Be3 h6 24. Rd5 Ne7 25. Rd2 b6 26. Rfd1 d5 27. c4 d4 28. Bxd4 N5g6 29. c5 Nf5 30. cxb6 Nxd4 31. Rxd4 Rxd4 32. Rxd4 axb6 33. Rd7 Rb8 34. Bd5 Nh8 35. a4 Kf8 36. b4 Ke8 37. Bc6 Kf8 38. Rb7 Rxb7 39. Bxb7 Ke7 40. a5 bxa5 41. bxa5 Kd6 42. Kf1 Kc7 43. Bf3 Ng6 44. Ke2 Ne5 45. Bg2 Nc4 46. Bd5 Nxa5 47. Bxf7 Kd6 48. Kf3 Nc6 49. Kf4 Nd4 50. Ke4 Ne6 51. Kf5 Ng5 52. Bh5 Ke7 53. Kg6 Kf8 54. f4 Ne6 55. Kf5 Ke7 56. Kg6 Kf8 57. Kf5 Nd8 58. Kg6 Nc6 59. Kf5 Ne7+ 60. Ke6 g6 61. Bf3 Ng8 62. f5 Kg7 63. fxg6 Kxg6 64. Ke5 Kg5 65. Bd1 Nf6 66. Be2 Ng4+ 67. Ke4 h5 68. Kf3 h4 69. Kg2 Nf6 70. Bd1 Nd5 71. Ba4 Nb6 72. Bc6 Nc4 73. Bd7 Na5 1/2-1/2